Pratikriya( reaction of action/ (Record no. 166773)

MARC details
000 -LEADER
fixed length control field 00593nam a22002177a 4500
005 - DATE AND TIME OF LATEST TRANSACTION
control field 20190807183023.0
008 - FIXED-LENGTH DATA ELEMENTS--GENERAL INFORMATION
fixed length control field 190807b ||||| |||| 00| 0 eng d
010 ## - LCCN (DPL NO)
LC control number B-159981
020 ## - INTERNATIONAL STANDARD BOOK NUMBER
International Standard Book Number 817341355x
Terms of availability 195.00
035 ## - SYSTEM CONTROL NUMBER
System control number B-159981
037 ## - SOURCE OF ACQUISITION
Source of stock number/acquisition BPPD/PUB
040 ## - CATALOGING SOURCE
Original cataloging agency dpl
Language of cataloging en
050 ## - LIBRARY OF CONGRESS CALL NUMBER
DPL Classification number N
082 ## - DEWEY DECIMAL CLASSIFICATION NUMBER
Classification number N
100 ## - MAIN ENTRY--PERSONAL NAME
Personal name Burney, Aziz
245 ## - TITLE STATEMENT
Title Pratikriya( reaction of action/
Statement of responsibility, etc by Aziz Burney
260 ## - PUBLICATION, DISTRIBUTION, ETC. (IMPRINT)
Place of publication, distribution, etc Delhi
Name of publisher, distributor, etc Indian Publishers' Distributors
Date of publication, distribution, etc 2004
270 ## - ADDRESS
Address 156-D, KamlaNagar,
City Delhi
Postal code 110007
Telephone number 011-23846233
300 ## - PHYSICAL DESCRIPTION
Extent 126p
Dimensions 22cm(hb)
942 ## - ADDED ENTRY ELEMENTS (KOHA)
Source of classification or shelving scheme Dewey Decimal Classification
Item type English Books
Classification part N
Call number suffix BUR
Holdings
Withdrawn status Lost status Source of classification or shelving scheme Damaged status Not for loan Collection code Home library Current library Date acquired Source of acquisition Cost, normal purchase price Total Checkouts Full call number Barcode Date last seen Copy number Cost, replacement price Koha item type
    Dewey Decimal Classification     Fiction R.K.Puram-8 R.K.Puram-8 07/08/2019 BPPD/Purchase 195.00 1 N BUR B-159981 15/09/2020 1 195.00 English Books

© Delhi Public Library
Hit Counter
free hit counter